Songe à la douceur
<< Retourner aux résultats de la recherche
| Auteur principal : | Clémentine Beauvais |
|---|---|
| Titre : | Songe à la douceur |
| Support : | Livres |
| Langue : | Francais |
| Publié : |
DL 2016 Editions Sarbacane [Paris] |
| Genre : |
Roman (jeunesse) |
| Collection : |
Exprim' |
| Sujets : | |
| Étiquettes : |
Pas de tags
|
| LEADER | 00896nam0a2200205 450 | ||
|---|---|---|---|
| 001 | 16843469 | ||
| 010 | |a 978-2-84865-908-4 |b br. |d 15,5 | ||
| 100 | |a 20170914d2026 u u0frey01 ba | ||
| 101 | 0 | |a fre | |
| 102 | |a FR | ||
| 200 | 0 | |a Songe à la douceur |f Clémentine Beauvais | |
| 207 | 1 | |a | |
| 210 | |a [Paris] |c Editions Sarbacane |d DL 2016 | ||
| 215 | |a 1 vol. (237 p.) |d 22 cm | ||
| 225 | 1 | |a Exprim' |x 1952-191X | |
| 330 | |a Quand Tatiana rencontre Eugène, elle a 14 ans, et il en a 17. C'est l'été, et il n'a rien d'autre à faire que de lui parler. Il est sûr de lui, charmant, alors qu'elle est timide, idéaliste et romantique. Inévitablement, elle tombe amoureuse de lui, et réciproquement. | ||
| 700 | 0 | |a Beauvais |b Clémentine |f 1989-.... |4 70 | |
| 900 | |a Roman (jeunesse) | ||
| 901 | |a Adultes | ||
| 995 | |a Médiathèque |c Médiathèque |f 089015598 |h 089015598 |k J BEA |o p |q a |r az |e Médiathèque | ||